| 000 | 01002cam a22002775a 4500 | ||
|---|---|---|---|
| 001 | 14707290 | ||
| 005 | 20201128024300.0 | ||
| 008 | 070123t2008 njua frb 001 0 eng d | ||
| 020 | _a9780132240857 | ||
| 020 | _a0132240858 | ||
| 040 |
_aDLC _cDLC _dDLC _dEG-ScBUE _beng |
||
| 082 | 0 | 4 |
_222 _a004.21 _bKEN |
| 100 | 1 |
_aKendall, Kenneth E., _d1948- |
|
| 245 | 1 | 0 |
_aSystems analysis and design / _cKenneth E. Kendall, Julie E. Kendall. |
| 250 | _a7th ed. | ||
| 260 |
_aUpper Saddle River : _bPearson Education / Prentice Hall, _cc.2008. |
||
| 300 |
_axxvi, 774 p. : _bill. (some col.) ; _c29 cm. |
||
| 504 | _aIncludes bibliographical references and index. | ||
| 650 | 7 |
_aSystem design. _2BUEsh _9733 |
|
| 650 | 7 |
_aSystem analysis. _2BUEsh _9734 |
|
| 650 | 7 |
_aSystems programming (Computer science) _2BUEsh _918056 |
|
| 653 |
_bGGEN _bCOMSCI _cMarch2018 |
||
| 700 | 1 |
_aKendall, Julie E., _d1952- |
|
| 856 | 4 | 1 |
_3Table of contents only _uhttp://www.loc.gov/catdir/toc/ecip079/2007002228.html |
| 942 | _2ddc | ||
| 999 |
_c26308 _d26280 |
||